000 005800000a22001810004500
003 MACL
005 20160403165040.0
008 160403b xxu||||| |||| 00| 0 eng d
040 _aMACL
_cMACL
041 _aHindi
082 _a400
100 _aगढवी लक्ष्‍मण पिंगळशी
_950471
245 _aचारणनी अस्मिता
260 _bश्री मेरूभा गढवी स्‍मृति प्रकाशन
_c1983
_aगुजरात
350 _a90
650 _aLanguage
_950472
942 _cHIN
_k400
_2ddc
999 _c21817
_d21817